Secs SP - siglo XXI / (Record no. 1104)
[ view plain ]
| 000 -LEADER | |
|---|---|
| campo de control de longitud fija | 00717nam a22002297a 4500 |
| 008 - DATOS DE LONGITUD FIJA--INFORMACIÓN GENERAL | |
| campo de control de longitud fija | 161130s2013 br||||| |||| 00| 0 spa d |
| 020 ## - NÚMERO INTERNACIONAL ESTÁNDAR DEL LIBRO | |
| Número Internacional Estándar del Libro | 9788579950759 |
| 082 04 - NÚMERO DE LA CLASIFICACIÓN DECIMAL DEWEY | |
| Número de clasificación | 790.06 |
| Número de ítem | M188s |
| 100 1# - ENTRADA PRINCIPAL--NOMBRE DE PERSONA | |
| Nombre de persona | Martin, Paulo Ricardo. |
| 9 (RLIN) | 5647 |
| 245 10 - MENCIÓN DEL TÍTULO | |
| Título | Secs SP - siglo XXI / |
| Mención de responsabilidad, etc. | organizado por Paulo Ricardo Martin y Hélcio Magalhaes. |
| 246 02 - FORMA VARIANTE DEL TITULO | |
| Título propio/Titulo breve | Servicio Social de Comercio São Paulo. |
| 250 ## - MENCION DE EDICION | |
| Mención de edición | 1a ed. |
| 260 ## - PUBLICACIÓN, DISTRIBUCIÓN, ETC. | |
| Lugar de publicación, distribución, etc. | Brasil : |
| Nombre del editor, distribuidor, etc. | Secs SP, |
| Fecha de publicación, distribución, etc. | 2013. |
| 300 ## - DESCRIPCIÓN FÍSICA | |
| Extensión | 230 p. |
| Otras características físicas | il. col. |
| 653 10 - TÉRMINO DE INDIZACIÓN--NO CONTROLADO | |
| Término no controlado | Arte contemporáneo |
| 653 10 - TÉRMINO DE INDIZACIÓN--NO CONTROLADO | |
| Término no controlado | Arte - Brasil |
| 653 10 - TÉRMINO DE INDIZACIÓN--NO CONTROLADO | |
| Término no controlado | Centros de recreación |
| 653 10 - TÉRMINO DE INDIZACIÓN--NO CONTROLADO | |
| Término no controlado | Servicio social |
| 653 10 - TÉRMINO DE INDIZACIÓN--NO CONTROLADO | |
| Término no controlado | Acción cultural - Brasil |
| 653 10 - TÉRMINO DE INDIZACIÓN--NO CONTROLADO | |
| Término no controlado | Secs - Historia |
| 700 1# - ENTRADA AGREGADA--NOMBRE PERSONAL | |
| Nombre de persona | Magalhaes, Hélcio. |
| 9 (RLIN) | 5648 |
| Estatus retirado | Estado de pérdida | Fuente del sistema de clasificación o colocación | Estado de daño | No para préstamo | Biblioteca de origen | Biblioteca actual | Ubicación en estantería | Fecha de adquisición | Total de préstamos | Signatura topográfica completa | Código de barras | Visto por última vez | Precio de reemplazo | Tipo de ítem Koha |
|---|---|---|---|---|---|---|---|---|---|---|---|---|---|---|
| Clasificación Decimal Dewey | Biblioteca LadoV | Biblioteca LadoV | 30/11/2016 | 790.06 M188s | 004228 | 30/11/2016 | 30/11/2016 | Material 01 |
